000
00325nam a2200145Ia 4500
003
OSt
005
20240309161958.0
008
170524s9999 xx 000 0 und d
020
_a
NIL
040
_c
IIMTU MEERUT
100
_a
ANAND -M.L.
245
0
_a
ELECTRONIC DEVICES & CIRCUITS - I
260
_b
KASTON
942
_2
ddc
_c
02
999
_c
7679
_d
7679